La Maison des Veilles
Сохранить в:
| Главный автор: | |
|---|---|
| Формат: | |
| Язык: | Undetermined |
| Опубликовано: |
Bélgica
Ediciones Labor
1985
|
| Предметы: | |
| Метки: |
Добавить метку
Нет меток, Требуется 1-ая метка записи!
|
MARC
| LEADER | 00000nam a2200000Ia 4500 | ||
|---|---|---|---|
| 008 | 170316s9999 xx 000 0 und d | ||
| 040 | |a cru BVZT | ||
| 090 | |a 840 S-19.1m | ||
| 100 | |a Steeman, Stanislas-André |9 1082 | ||
| 245 | |a La Maison des Veilles | ||
| 260 | |a Bélgica | ||
| 260 | |b Ediciones Labor | ||
| 260 | |c 1985 | ||
| 300 | |a 229 páginas | ||
| 650 | |a LITERATURA FRANCESA |9 109 | ||
| 650 | |a NOVELA |9 13 | ||
| 999 | |c 7988 |d 7988 | ||
| 942 | |c 15 D |h 840 S-19.1m |2 z | ||
